00909 2200325 4500001002100000005001500021035002000036007000300056040001200059100004600071245001700117250001100134300003700145020001800182041000800200082001100208084001700219090001800236260004900254850001000303008004100313650001000354264004600364336002100410337003000431338002300461700004200484700003400526990002300560INLIS00000000000539920260513083648 a0010-0222000489ta aSBPUPAD0 aSyaikh Kamil Muhammad 'UwaidahePengarang1 aFiqih Wanita aCet 20 axxxvi, 704 hal. :bIlus ;c24 cm a979-592-109-60 aind a297.41 a297.41 KAM f a213 ABD s 2-13 a.--Yogyakarat :bPustaka Insan Madani,c2007 aPUPAD260513 0  4aAgama aJakarta Timur :bPustaka Al-Kausar,c2006 2rdacontentaTeks 2rdamediaaTanpa Perantara 2rdacarrieraVolume aPenerjemah, M.Abdul GhofarePengarang aEditor, Ba'adillahePengarang a0968/BR/ARPUS/2006